Wordt geladen...
Construction and foundation Engineering /
| Hoofdauteur: | |
|---|---|
| Andere auteurs: | |
| Taal: | Undetermined |
| Gepubliceerd in: |
Delhi :
Khanna Publishers ,
1997.
|
| LEADER | 00457nam a2200145Ia 4500 | ||
|---|---|---|---|
| 001 | 119303 | ||
| 008 | 170722s9999 xx 000 0 und d | ||
| 100 | |a Jha, J | ||
| 245 | |a Construction and foundation Engineering / | ||
| 260 | |a Delhi : |b Khanna Publishers , |c 1997. | ||
| 300 | |a 22cmPp991 | ||
| 700 | |a Sinha, S. K. | ||
| 942 | |c GEN | ||
| 999 | |c 119629 |d 119629 | ||
| 952 | |0 0 |1 0 |4 0 |6 D_37_N9 |7 0 |9 169244 |a LIB |b LIB |d 2017-08-12 |o D3:7 N9 |p 234976 |r 2017-08-12 |v 125.00 |w 2017-08-12 |y GEN | ||